| 000 | 00929nam a2200241 a 4500 | ||
|---|---|---|---|
| 001 | 22489 | ||
| 003 | CO-ViMGA | ||
| 008 | 141112s2004 ck r 000 u spa d | ||
| 040 |
_aCO-ViMGA _bspa _cCO-ViMGA |
||
| 082 | 0 | 4 | _a616.8982 P373g |
| 100 | 1 |
_aPerez Ordóñez, Miguel ángel _931912 |
|
| 245 | 1 | 0 | _aGuías neuropedagógicas para autismo, dhad, dislexia y epilesia |
| 260 |
_aBogotá : _bUniversidad Cooperativa de Colombia, _c2005 |
||
| 300 | _a102 | ||
| 490 | _aLibros de texto | ||
| 505 | _aEl por que de la neuropedagogía 9 - 20 - - Autismo 25 - 42 - - Trastorno de hiperactividad y de falta de atención 55 - 68 | ||
| 590 | _aForma de adquisición : Donación - - Precio : 13000 - - Fecha de adquisición : 2008 | ||
| 650 | 1 | 4 |
_aAUTISMO - DIAGNOSTICO _931913 |
| 650 | 1 | 4 |
_aAUTISMO - TRATAMIENTO _931914 |
| 650 | 1 | 4 |
_aDESARROLLO - PSICOMOTOR _931915 |
| 650 | 1 | 4 |
_aEPILEPSIA - TRATAMIENTO _931916 |
| 942 |
_2ddc _cBK |
||
| 999 |
_c30795 _d30795 |
||